Online
Catalog

Los espejismos / (Record no. 16894)

MARC details
000 -CABECERA
campo de control de longitud fija 00719cam a2200217 a 4500
001 - NÚMERO DE CONTROL
campo de control 000017369
005 - FECHA Y HORA DE LA ÚLTIMA TRANSACCIÓN
campo de control 20200929165107.0
008 - DATOS DE LONGITUD FIJA--INFORMACIÓN GENERAL
campo de control de longitud fija 761129s1965 ve ac 001 p spa d
040 ## - FUENTE DE LA CATALOGACIÓN
Centro catalogador/agencia de origen DO-SdBNP
Lengua de catalogación spa
Centro/agencia transcriptor FU
Centro/agencia modificador DLC
-- BNPHU
082 ## - NÚMERO DE LA CLASIFICACIÓN DECIMAL DEWEY
Número de clasificación Ve861.44
Número de documento/Ítem A714e
049 ## - FONDOS LOCALES (OCLC)
Fondos de biblioteca BNGR
100 1# - ENTRADA PRINCIPAL--NOMBRE DE PERSONA
Nombre de persona Aristeguieta, Jean.
Fechas asociadas al nombre 1925 -
9 (RLIN) 38031
245 14 - MENCIÓN DE TÍTULO
Título Los espejismos /
Mención de responsabilidad, etc. Jean Aristeguieta.
260 ## - PUBLICACIÓN, DISTRIBUCIÓN, ETC.
Lugar de publicación, distribución, etc. Caracas, (Venezuela) :
Nombre del editor, distribuidor, etc. Asociación de Escritores Venezolanos,
Fecha de publicación, distribución, etc. 1965.
300 ## - DESCRIPCIÓN FÍSICA
Extensión 94 p. :
Otras características físicas il., retrs. ;
Dimensiones 17 cm.
490 1# - MENCIÓN DE SERIE
Mención de serie Cuadernos literarios,
Designación de volumen o secuencia 121
650 #4 - PUNTO DE ACCESO ADICIONAL DE MATERIA--TÉRMINO DE MATERIA
Término de materia o nombre geográfico como elemento de entrada Poesía venezolana
9 (RLIN) 4230
650 #4 - PUNTO DE ACCESO ADICIONAL DE MATERIA--TÉRMINO DE MATERIA
Término de materia o nombre geográfico como elemento de entrada Literatura venezolana
9 (RLIN) 3816
830 #0 - PUNTO DE ACCESO ADICIONAL DE SERIE-TÍTULO UNIFORME
Título uniforme Cuadernos literarios ;
Designación de volumen o secuencia 121
9 (RLIN) 38032
910 ## - DATOS DE OPCIÓN DEL USUARIO (OCLC)
Datos de opción del usuario Catalogación por copia / LC
Holdings
Estado de retiro Estado de pérdida Restricciones de uso No para préstamo Código de colección Localización permanente Ubicación/localización actual Ubicación en estantería Fecha de adquisición Número de inventario Total de préstamos Signatura topográfica completa Código de barras Fecha visto por última vez Precio válido a partir de Tipo de ítem Koha Número de copia
        Monografías: Libros y Folletos General General En catalogación 23.03.2010 LF1   Ve861.44 A714e 17369-10 25.06.2020 25.06.2020 Préstamo en sala  
      Excluido de préstamo Monografías: Libros y Folletos General General En catalogación 26.03.2010 LF1   Ve861.44 A714e 17369-20 25.06.2020 25.06.2020 No se presta e.2

Powered by Koha